000 01035cam a2200205 4500
001 ABS66955
008 030828n2003 000 0 eng u
035 _a(Sirsi) u123388
100 _aCraig, R.
245 _aDevelopments in the law of tenders: radical or evolutionary development?
260 _c2003
490 _aConstruction Law Journal
_v19(5) 2003, 237-257(21)
520 _aUses several cases in England and Canada to discuss whether claims might be brought by dissatisfied tenderers against private parties. Cites thedecision in "R in Right of Ontario v Ron Engineering and Construction Eastern Ltd" ([1981] 4 Const L J 241), which concluded that a bid may not be irrevocable in all tendering contracts. Analyses the effect this decision had on future judgments.
590 _aABS
650 _aCANADA
650 _aR IN RIGHT OF ONTARIO V RON ENGINEERING AND CONSTRUCTION EASTERN LTD
650 _aTENDER EVALUATION
690 _aBUILDING AND CONSTRUCTION-PROCUREMENT, PARTNERING, TENDERING-CASE LAW
942 _n0
999 _c73292
_d73292